000 00515nam a2200205 a 4500
001 17674
003 CO-ViMGA
008 141112s2004 ck r 000 u spa d
020 _a9580449066
040 _aCO-ViMGA
_bspa
_cCO-ViMGA
082 0 4 _aDACqu
100 1 _aDa Coll, Ivar
245 1 0 _a¿Quien ha visto?
260 _aBogotá,
_cNorma,
_c1999
300 _a11.p.
490 _aTorre de cartón
650 1 4 _aANIMALES - CUENTOS INFANTILES
_920047
650 1 4 _aCUENTOS INFANTILES
_92743
942 _2ddc
_cBK
999 _c27161
_d27161